| 000 | 00933nas a2200301 4500 | ||
|---|---|---|---|
| 001 | BR2019000047 | ||
| 003 | BR-BrBNA | ||
| 005 | 20231205131528.0 | ||
| 007 | ta | ||
| 008 | 230509b bl.|||p| |||| 00| 00por d | ||
| 040 |
_aBR-BrBNA _bpor _cBiblioteca Nacional de Agricultura |
||
| 041 | _a(En) | ||
| 072 | _aP34; F30 | ||
| 100 | 1 | _aMota, W.F. | |
| 100 | 1 | _aOliveira, G.B. | |
| 100 | 1 | _aNobre, S.A.M. | |
| 100 | 1 | _aSilva, H.R. | |
| 245 | 1 | _aAgronomic performance of okra under the effect of seed microbiolization with rhizobacteria | |
| 650 | _aQUIABO | ||
| 650 | _aSEMENTE | ||
| 650 | _aGENÓTIPO | ||
| 650 | _aRIZOSFERA | ||
| 650 | _aPRODUTIVIDADE | ||
| 773 | 0 |
_tHorticultura Brasileira (Brazil) _xISSN 1806-9991 _g(Jul-Sep 2017), v. 35(3) p. 410-414 _wBR2019000047 |
|
| 856 | 4 | 0 | _uhttp://www.scielo.br/pdf/hb/v35n3/1806-9991-hb-35-03-00410.pdf |
| 909 |
_a202311 _bLúcia _c55 _dLúcia Elande |
||
| 942 |
_2AGRIS _n0 _cANA |
||
| 999 |
_c255291 _d255291 |
||